The metropolis : its people, politics, and economic life /

Bibliographic Details
Main Author: Bollens, John Constantinus, 1920-
Other Authors: Schmandt, Henry J.
Format: Book
Language:English
Published: New York : Harper & Row, [1965]
Subjects:

MARC

Tag First Indicator Second Indicator Subfields
LEADER 00000cam a2200000 4500
001 in00000209021
005 20151009063250.0
008 701120s1965 nyuab b 00110 eng
010 |a  65019489  
035 |a (OCoLC)00260123 
035 |9 AAX9821AM 
040 |a DLC  |c DLC  |d TXA  |d UtOrBLW 
043 |a n-us--- 
049 |a TXAM  |c 1 [411729]  |c 2 [414978] 
050 0 0 |a JS422  |b .B6 
082 0 |a 301.36 
100 1 |a Bollens, John Constantinus,  |d 1920- 
245 1 4 |a The metropolis :  |b its people, politics, and economic life /  |c [by] John C. Bollens [and] Henry J. Schmandt. 
264 1 |a New York :  |b Harper & Row,  |c [1965] 
300 |a xvi, 643 pages :  |b illustrations, maps. ;  |c 24 cm. 
336 |a text  |b txt  |2 rdacontent 
337 |a unmediated  |b n  |2 rdamedia 
338 |a volume  |b nc  |2 rdacarrier 
504 |a "A commentary on bibliography": pages [599]-608. 
650 0 |a Metropolitan areas  |z United States. 
650 0 |a Metropolitan government  |z United States. 
700 1 |a Schmandt, Henry J. 
999 |a MARS 
999 f f |s 6cd96e5a-499d-32ce-be78-69f539de4f47  |i 03d3fbb0-0aa2-3876-8746-8bd32a7363f6  |t 0 
952 f f |p ric  |a Texas A&M University  |b Rellis Campus  |c Joint Library Facility  |d Remote Storage  |t 0  |e JS422 .B6  |h Library of Congress classification  |i unmediated -- volume  |m A14803125000 
998 f f |a JS422 .B6  |t 0  |l Remote Storage